Sports Quiz

Random Sports or Basketball Quiz

America East Quiz Stats

 Plays Quiz Updated Jun 21, 2019

Score 0/18 Timer 05:00
10 Plays Today
% Correct
Vermont
79%
Albany
72.9%
Maine
70.6%
New Hampshire
67.8%
Binghamton
58.6%
Catamounts
56.3%
Stony Brook
55.4%
Hawks
53.2%
Hartford
52.1%
% Correct
Maryland Baltimore County
52.1%
Wildcats
48.9%
Black Bears
48.9%
Great Danes
47.3%
Massachusetts Lowell
41.1%
Bearcats
40.4%
Seawolves
35.6%
Retrievers
33.3%
River Hawks
30.8%

You're not logged in!

Compare scores with friends on all Sporcle quizzes.
OR
Log In

Sporcle TV

Today on Sporcle TV


Watch our educational content, quiz creation guides, and fun videos on Sporcle TV.

Show Comments

Extras

Top Quizzes Today


Score Distribution

Your Account Isn't Verified!

In order to create a playlist on Sporcle, you need to verify the email address you used during registration. Go to your Sporcle Settings to finish the process.

Report this User

Report this user for behavior that violates our Community Guidelines.

Details: